000 01322naa a22003137a 4500
001 BR8104660
003 BR-BrBNA
005 20250716171013.0
007 ta
008 250630b bl.|||m| |||| 00| 0 por d
040 _aBR-BrBNA
_bpor
_cBiblioteca Nacional de Agricultura
041 _a(Pt)
072 _aH20
_b1540
_b4110
_b3910
_bG514
090 _aH20 BR8104660
100 1 _aSouza, P.E.
100 1 _aCruz Filho, J.
100 1 _aSilveira, A.J.
111 1 _a1. Congresso Brasileiro de Mandioca
_cSalvador, BA (Brazil)
_d25 Nov 1979
245 1 _aSensibilidade de Xanthomonas manihotis a antibioticos e avaliacao da resistencia de cultivares de mandioca (Manihot esculenta Crantz)a bacteriose [Brasil]
500 _aAnais do 1. Congresso Brasileiro de Mandioca, v. 1: Pesquisas agronomicas Cruz das Almas, BA (Brasil): 1981. p. 425-427 (BR8104660-AMS)
773 0 _tAnais do 1. Congresso Brasileiro de Mandioca, v. 1: Pesquisas agronomicas
_wH20 BR8104660
_gCruz das Almas, BA (Brasil), 1981. p. 425-427
650 _aMANDIOCA
650 _aBACTERIOSE
650 _aANTIBIOTICO
650 _aCONTROLE QUIMICO
490 _aDocumentos - Empresa Brasileira de Pesquisa Agropecuaria. Depto. de Informacao e Documentacao (Brazil)
_vno. 18
942 _cAMS
_2AGRIS
909 _a202506
_bLúcia
_c55
_dLúcia Elande
999 _c333766
_d333766